ARRUPE JESUIT UNIVERSITY

CORONAVIRUS -STOP THE SPREAD - CLEAN,DISINFECT,COVER

Big game hunting and collecting in East Africa, 1903-1926, (Record no. 124028)

MARC details
000 -LEADER
fixed length control field 00875cam a22002531 4500
001 - CONTROL NUMBER
control field 6404628
005 - DATE AND TIME OF LATEST TRANSACTION
control field 20160216082629.0
008 - FIXED-LENGTH DATA ELEMENTS--GENERAL INFORMATION
fixed length control field 770429s1929 nyubf 000 0 eng
010 ## - LIBRARY OF CONGRESS CONTROL NUMBER
LC control number 30005545
035 ## - SYSTEM CONTROL NUMBER
System control number (OCoLC)2927775
040 ## - CATALOGING SOURCE
Original cataloging agency DLC
Transcribing agency ODa
Modifying agency OCoLC
-- DLC
041 1# - LANGUAGE CODE
Language code of text/sound track or separate title eng
Language code of original and/or intermediate translations of text hun
042 ## - AUTHENTICATION CODE
Authentication code premarc
050 00 - LIBRARY OF CONGRESS CALL NUMBER
Classification number SK255.E27
Item number K57 1929
100 1# - MAIN ENTRY--PERSONAL NAME
Personal name Kittenberger, Kálmán.
9 (RLIN) 21774
245 10 - TITLE STATEMENT
Title Big game hunting and collecting in East Africa, 1903-1926,
Statement of responsibility, etc by Kálmán Kittenberger ...
260 ## - PUBLICATION, DISTRIBUTION, ETC. (IMPRINT)
Place of publication, distribution, etc London,
Name of publisher, distributor, etc E. Arnold & Co.,
Date of publication, distribution, etc 1929.
300 ## - PHYSICAL DESCRIPTION
Extent xix, 348 p.
Other physical details front., plates, fold. map.
Dimensions 25 cm.
500 ## - GENERAL NOTE
General note "Translated from Hungarian."
650 #0 - SUBJECT ADDED ENTRY--TOPICAL TERM
Topical term or geographic name as entry element Big game hunting
Geographic subdivision Africa, East.
General subdivision History
9 (RLIN) 21775
650 #0 - SUBJECT ADDED ENTRY--TOPICAL TERM
Topical term or geographic name as entry element Wild animal collecting
Geographic subdivision Africa, East
General subdivision History
9 (RLIN) 21776
906 ## - LOCAL DATA ELEMENT F, LDF (RLIN)
a 7
b cbc
c oclcrpl
d u
e ncip
f 19
g y-gencatlg
942 ## - ADDED ENTRY ELEMENTS (KOHA)
Source of classification or shelving scheme Library of Congress Classification
Item type Monograph ( Printed materials)
Holdings
Withdrawn status Lost status Source of classification or shelving scheme Damaged status Not for loan Collection code Home library Current library Shelving location Date acquired Total Checkouts Full call number Barcode Date last seen Price effective from Koha item type
    Library of Congress Classification     Main Collection ARRUPE LIBRARY ARRUPE LIBRARY Main Collection 26/01/2016   SK255.E27K57 1929 46500006026 26/01/2016 26/01/2016 SPC

 

Arrupe Library. PO Box MP320 Mt Pleasant, Harare, Zimbabwe
263 242 745411|librarian@aju.ac.zw